000 00721nam a2200253Ia 4500
999 _c1628
_d1628
007 ta
008 190805t1995 si ad||g||||||||1 ||und||
020 _a9789810221393
_c$ 75.00
040 _aKO
_beng
041 0 _aeng
044 _asi
082 0 4 _a623.84
_bN86
_223
245 1 0 _aComputational Geometry for Ships /
_cedited by H. Nowacki, M.I.G. Bloor and B. Oleksiewicz
260 _aSingapore :
_bWorld Scientific,
_c1995.
300 _axii, 238 p. :
_bill., charts ;
_c23 cm.
504 _aIncludes Index.
650 0 _aNaval architecture
_xData processing
700 1 _aBloor, M. I. G.
_eedt
700 1 _aNowacki, H
_eedt
700 1 _aOleksiewicz, B
_eedt
904 _aA_BOSE
942 _cBK